[Event "Marienbad Open GM 2020"]
[Site "Marianske Lazne"]
[Date "2020.01.23"]
[Round "7.5"]
[White "Bracker, Arne"]
[Black "Makarian, Rudik"]
[Result "1-0"]
[WhiteElo "2243"]
[BlackElo "2403"]
[Annotator "TA"]
[PlyCount "44"]
[EventDate "2020.01.18"]
[EventType "tourn"]
[EventCountry "CZE"]
[SourceTitle "playchess.com"]
[Source "ChessBase"]
[SourceQuality "1"]

{[%evp 11,44,36,43,9,39,54,54,44,33,43,39,0,0,0,243,239,371,376,776,745,721,510,29996,948,911,929,924,910,1138,1131,1093,1079,1205,1176,1925]} 1. e4 c5 2. Nf3 e6 3. d4 cxd4 4. Nxd4 Nc6 5. Nc3 Qc7 6. Be3 a6 7. Qf3 $146 {B48: Sicilian: Taimanov: 5 Nc3 Qc7 6 Be3 a6 without Be2} (7. Bd3 Nf6 8. O-O Nxd4 9. Bxd4 Bc5 10. Bxc5 Qxc5 11. Na4 Qc7 12. c4 d6 13. Nc3 O-O 14. Be2 Rd8 15. Qd4 e5 16. Qe3 Be6 17. b3 Qc5 18. Qd3 Rac8 19. Rac1 {½-½ (35) Jakovenko,D (2719)-Harikrishna,P (2723) Shenzhen 2019}) 7... Ne5 8. Qg3 Bd6 {Strongly threatening ...Nd3+!} 9. f4 {White is slightly better.} Ng6 $1 {[%cal Rd6f4]} 10. e5 Bb4 11. O-O-O {And now f5 would win.} Bxc3 12. bxc3 {Threatens to win with f5.} b5 $2 {[#]} (12... N8e7 $11 {and Black is okay.}) 13. f5 $1 $18 exf5 (13... N8e7 $142) 14. Nxf5 {Hoping for Nd6+.} Qxe5 $2 (14... d5) 15. Nd6+ Ke7 16. Bg5+ Ke6 {[#]} (16... Nf6 $18 17. Nxc8+ Kf8) 17. Re1 (17. Bc4+ $142 $1 {[%mdl 512]} bxc4 18. Qg4+ {[%mdl 64] Double Attack} f5 19. Qxc4+ {[%mdl 64] Double Attack} Qd5 20. Qxd5#) 17... Qxe1+ {White is clearly winning.} 18. Qxe1+ Kxd6 19. Qe4 N8e7 20. Bxe7+ Nxe7 21. Qxa8 Nc6 22. Be2 Kd5 {Accuracy: White = 71%, Black = 35%.} 1-0

[Event "Marienbad Open GM 2020"]
[Site "Marianske Lazne"]
[Date "2020.01.24"]
[Round "8.1"]
[White "Bai, Adelard"]
[Black "Makarian, Rudik"]
[Result "0-1"]
[WhiteElo "2430"]
[BlackElo "2403"]
[Annotator "NA"]
[PlyCount "82"]
[EventDate "2020.01.18"]
[EventType "tourn"]
[EventCountry "CZE"]
[SourceTitle "playchess.com"]
[Source "ChessBase"]
[SourceQuality "1"]
[TimeControl "40/5400+30:1800+30"]

1. d4 {[%emt 0:00:00]} Nf6 {[%emt 0:00:00]} 2. c4 {[%emt 0:00:00]} e6 {[%emt 0:00:00]} 3. Nf3 {[%emt 0:00:00]} d5 {[%emt 0:00:00]} 4. g3 {[%emt 0:00:03]} Bb4+ {[%emt 0:00:00]} 5. Bd2 {[%emt 0:00:08]} Be7 {[%emt 0:00:00]} 6. Bg2 {[%emt 0:00:54]} O-O {[%emt 0:00:02]} 7. O-O {[%emt 0:00:14]} Nbd7 {[%emt 0:00:24]} 8. Qc2 {[%emt 0:00:27]} c6 {[%emt 0:00:07]} 9. Rd1 {[%emt 0:02:25]} a5 {[%emt 0:00:05]} 10. b3 {[%emt 0:03:57]} b5 {[%emt 0:07:19]} 11. Ne5 {[%emt 0:11:03]} Nxe5 {[%emt 0:14:20]} 12. dxe5 {[%emt 0:00:08]} Nd7 {[%emt 0:00:02]} 13. Bc3 {[%emt 0:05:58]} Ba6 {[%emt 0:02:52]} 14. Nd2 {[%emt 0:31:31]} Qb8 {[%emt 0:00:03]} 15. cxd5 {[%emt 0:02:17]} cxd5 {[%emt 0:00:13]} 16. e4 {[%emt 0:03:00]} Rc8 {[%emt 0:15:36]} 17. Qb2 {[%emt 0:04:21]} Nc5 {[%emt 0:12:00]} 18. exd5 {[%emt 0:10:35]} Nd3 {[%emt 0:02:36]} 19. Qb1 {[%emt 0:00:52]} Nxf2 {[%emt 0:00:55]} 20. Ne4 {[%emt 0:11:58]} Nxd1 {[%emt 0:07:19]} 21. Qxd1 {[%emt 0:00:07]} Bb7 {[%emt 0:08:03]} 22. d6 {[%emt 0:02:48]} Bxe4 {[%emt 0:00:05]} 23. Bxe4 {[%emt 0:00:11]} Rxc3 {[%emt 0:00:36]} 24. dxe7 {[%emt 0:02:54]} Qa7+ {[%emt 0:00:42]} 25. Kh1 {[%emt 0:00:33]} Re8 {[%emt 0:00:08]} 26. Qh5 {[%emt 0:01:19]} g6 {[%emt 0:00:05]} 27. Qh6 {[%emt 0:00:57]} Qe3 {[%emt 0:01:32]} 28. Qh4 {[%emt 0:00:17]} Rc1+ {[%emt 0:00:46]} 29. Rxc1 {[%emt 0:00:06]} Qxc1+ {[%emt 0:00:04]} 30. Kg2 {[%emt 0:00:04]} Qc7 {[%emt 0:00:05]} 31. Qf4 {[%emt 0:00:22]} Qxe7 {[%emt 0:00:11]} 32. h4 {[%emt 0:00:06]} Kg7 {[%emt 0:02:11]} 33. h5 {[%emt 0:00:07]} h6 {[%emt 0:02:12]} 34. hxg6 {[%emt 0:00:17]} fxg6 {[%emt 0:00:03]} 35. Bd3 {[%emt 0:00:54]} Qf7 {[%emt 0:01:31]} 36. Qe3 {[%emt 0:00:21]} b4 {[%emt 0:00:12]} 37. Qe4 {[%emt 0:03:50]} Rd8 {[%emt 0:00:13]} 38. Kg1 {[%emt 0:00:40]} Rd7 {[%emt 0:00:07]} 39. Qe3 {[%emt 0:01:25]} Qe7 {[%emt 0:01:14]} 40. Bb5 {[%emt 0:00:36]} Rd5 {[%emt 0:00:11]} 41. Bc4 {[%emt 0:30:13]} Qc5 {[%emt 0:30:07]} 0-1

[Event "Marienbad Open GM 2020"]
[Site "Marianske Lazne"]
[Date "2020.01.24"]
[Round "8.2"]
[White "Dev, Shah"]
[Black "Bracker, Arne"]
[Result "0-1"]
[WhiteElo "2320"]
[BlackElo "2243"]
[Annotator "TA"]
[PlyCount "52"]
[EventDate "2020.01.18"]
[EventType "tourn"]
[EventCountry "CZE"]
[SourceTitle "playchess.com"]
[Source "ChessBase"]
[SourceQuality "1"]

{[%evp 19,74,0,20,10,21,14,11,16,18,15,22,-7,0,-21,-17,-62,-41,-60,-50,-87,-66,-85,-75,-75,-89,-91,-70,-58,-43,-157,-146,-167,-97,-98,-72,-186,-39,-41,-34,-39,-25,-16,-19,-35,-37,-54,0,-1177,-1136,-910,-871,-29969,-29968,-2325,-475,-1900,-2029]} 1. d4 Nf6 2. c4 e6 3. Nc3 Bb4 4. e3 O-O 5. Bd3 c5 6. Nf3 d5 7. cxd5 cxd4 8. exd4 exd5 9. Ne5 Nc6 10. Nxc6 bxc6 11. O-O {B14: Caro-Kann: Panov-Botvinnik Attack with 5...e6 and 5...g6} Bd6 12. Bg5 Rb8 13. b3 {The position is equal.} (13. Bxf6 Qxf6 14. Qd2 g6 $17) 13... h6 14. Bh4 Re8 15. Bg3 {[#]} Rb7 $146 ({Predecessor:} 15... Ne4 16. Bxd6 Nxc3 17. Qc2 Ne2+ 18. Bxe2 Qxd6 {½-½ (56) Kritz,L (2541)-Gyimesi,Z (2618) Budapest 2004}) 16. Ba6 Rbe7 17. Bxc8 {Bf5 is the strong threat.} Bxg3 18. Bf5 Bc7 $36 {[%mdl 2048] Black has the initiative.} 19. Bd3 Qd6 {[%csl Gc7][%cal Rd6h2]} 20. g3 h5 21. Qf3 g6 22. Rac1 Bb6 23. Ne2 Ne4 24. Bxe4 ({Better is} 24. Qf4 $15) 24... Rxe4 $17 {[%mdl 64] Double Attack} 25. Rc2 {[#]} Qe6 ({Worse is} 25... Bxd4 26. Nxd4 Rxd4 27. Rfc1 $11) ({Black should try} 25... h4 $1 $19 26. Kh1 Qe6) 26. Nf4 Qd7 {Played: Qe6-f6} 0-1

[Event "Marienbad Open GM 2020"]
[Site "Marianske Lazne"]
[Date "2020.01.24"]
[Round "8.3"]
[White "Quesada Perez, Luis Ernesto"]
[Black "Baenziger, Fabian"]
[Result "1-0"]
[WhiteElo "2491"]
[BlackElo "2412"]
[Annotator "ChessBase"]
[PlyCount "65"]
[EventDate "2020.01.18"]
[EventType "tourn"]
[EventCountry "CZE"]
[SourceTitle "playchess.com"]
[Source "ChessBase"]
[SourceQuality "1"]
[TimeControl "40/5400+30:1800+30"]

1. c4 {[%emt 0:04:28]} e5 {[%emt 0:00:00]} 2. g3 {[%emt 0:01:23]} Nf6 {[%emt 0:00:15]} 3. Bg2 {[%emt 0:00:23]} c6 {[%emt 0:00:34]} 4. d4 {[%emt 0:00:11]} exd4 {[%emt 0:00:29]} 5. Qxd4 {[%emt 0:00:10]} Na6 {[%emt 0:00:43]} 6. Nf3 {[%emt 0:00:36]} Bc5 {[%emt 0:00:23]} 7. Qe5+ {[%emt 0:06:00]} Be7 {[%emt 0:00:32]} 8. O-O {[%emt 0:00:17]} O-O {[%emt 0:00:07]} 9. Nc3 {[%emt 0:00:53]} Re8 {[%emt 0:00:53]} 10. Rd1 {[%emt 0:04:13]} Bb4 {[%emt 0:01:48]} 11. Qd4 {[%emt 0:00:43]} Nc5 {[%emt 0:01:10]} 12. Bg5 {[%emt 0:02:09]} Ne6 {[%emt 0:02:26]} 13. Bxf6 {[%emt 0:00:26]} Nxd4 {[%emt 0:00:16]} 14. Bxd8 {[%emt 0:00:06]} Nxf3+ {[%emt 0:04:05]} 15. Bxf3 {[%emt 0:00:14]} Rxd8 {[%emt 0:14:07]} 16. Ne4 {[%emt 0:05:36]} d5 {[%emt 0:22:38]} 17. a3 {[%emt 0:05:18]} Ba5 {[%emt 0:13:03]} 18. cxd5 {[%emt 0:00:06]} cxd5 {[%emt 0:00:42]} 19. Nc5 {[%emt 0:02:04]} Bb6 {[%emt 0:00:08]} 20. Na4 {[%emt 0:03:19]} Be6 {[%emt 0:00:41]} 21. Nxb6 {[%emt 0:00:08]} axb6 {[%emt 0:00:05]} 22. Rac1 {[%emt 0:03:47]} Rd7 {[%emt 0:05:22]} 23. Rd4 {[%emt 0:00:33]} Kf8 {[%emt 0:00:44]} 24. Rb4 {[%emt 0:00:45]} Rd6 {[%emt 0:01:19]} 25. Kf1 {[%emt 0:00:50]} Rad8 {[%emt 0:01:05]} 26. Ke1 {[%emt 0:11:08]} Ke7 {[%emt 0:06:30]} 27. Rb5 {[%emt 0:01:54]} R8d7 {[%emt 0:03:01]} 28. Rc8 {[%emt 0:02:16]} Kf6 {[%emt 0:02:46]} 29. Kd2 {[%emt 0:01:07]} Bf5 {[%emt 0:01:43]} 30. Rc3 {[%emt 0:01:29]} Be6 {[%emt 0:02:48]} 31. Rcb3 {[%emt 0:00:51]} d4 {[%emt 0:00:12]} 32. R3b4 {[%emt 0:00:17]} d3 {[%emt 0:00:45]} 33. e4 {[%emt 0:00:11]} 1-0

[Event "Marienbad Open GM 2020"]
[Site "Marianske Lazne"]
[Date "2020.01.24"]
[Round "8.4"]
[White "Swicarz, Maciej"]
[Black "Kovalev, Andrei"]
[Result "0-1"]
[WhiteElo "2357"]
[BlackElo "2489"]
[Annotator "TA"]
[PlyCount "80"]
[EventDate "2020.01.18"]
[EventType "tourn"]
[EventCountry "CZE"]
[SourceTitle "playchess.com"]
[Source "ChessBase"]
[SourceQuality "1"]

{[%evp 9,102,50,38,37,46,50,33,28,28,20,13,0,2,0,13,10,43,57,39,39,54,-5,0,-19,-19,-19,-19,-15,-19,-16,-20,-21,29,-77,-79,-87,-81,-119,-115,-104,-114,-108,-75,-98,-72,-89,-24,-26,-28,-28,-24,-24,-24,-45,-24,-24,-24,-24,-24,-24,-24,-144,-156,-141,-155,-214,-185,-252,-264,-491,-485,-410,-325,-324,-307,-378,-348,-524,-397,-397,-396,-721,-701,-691,-691,-678,-643,-711,-727,-687,-681,-29945,-4129,-4952,-4943]} 1. d4 Nf6 2. Bg5 Ne4 3. Bf4 c5 4. f3 Nf6 5. dxc5 b6 6. Nc3 {A45: Trompowsky Attack} bxc5 7. e4 Nc6 8. Qd2 {White is slightly better.} e5 9. Bg5 Be7 10. h4 $146 ({Predecessor:} 10. Bb5 Nd4 11. Bc4 Rb8 12. b3 h6 13. Be3 d6 {0-1 (59) Fridman,D (2645)-Gashimov,V (2719) Mainz 2010}) 10... Rb8 11. b3 Nd4 12. Bc4 h6 13. Bxf6 $1 Bxf6 14. g3 Qa5 15. Kd1 (15. Kf2 $14) 15... Ba6 $11 16. Nd5 Qxd2+ 17. Kxd2 Bxc4 18. bxc4 Rb2 19. Ne3 O-O $36 {[%mdl 2048] Black has good play.} 20. Kd3 d5 21. c3 (21. exd5 $11 Re8 22. Ke4 (22. c3 $2 Nxf3 23. Nd1 e4+ 24. Ke3 Rg2 $19)) 21... dxe4+ $1 $17 22. fxe4 {[#]} Nc2 $1 {[%cal Rc2a1][%mdl 512]} 23. Rc1 (23. Nxc2 Rd8+) 23... Nxe3 24. Kxe3 Rxa2 25. Nf3 Rb8 26. Ra1 Rc2 27. Rhc1 Rbb2 (27... Rxc1 $17 28. Rxc1 a5) 28. Rxc2 $11 Rxc2 {[%mdl 4096] Endgame KRB-KRN} 29. Ra3 Rg2 30. Ra5 $1 Rxg3 31. Rxc5 g5 32. hxg5 $1 hxg5 {Hoping for ...g4.} 33. Kf2 Rh3 34. Kg2 g4 35. Nh2 (35. Nxe5 $11 Bxe5 36. Rxe5) 35... Bh4 $1 $17 ({Much less strong is} 35... Rxc3 36. Nxg4 Kg7 37. Nxe5 $11) 36. Rxe5 Rxc3 37. Rh5 (37. Rf5 $17) 37... Rc2+ $19 38. Kg1 (38. Kh1 $142 Be1 39. Nxg4) 38... Bf2+ $1 39. Kf1 $2 {[#]} (39. Kg2 {was necessary.}) 39... g3 $1 {Threatens to win with ...Be3.} 40. Rg5+ Kh8 {Played: Kg8-f8} 0-1

[Event "Marienbad Open GM 2020"]
[Site "Marianske Lazne"]
[Date "2020.01.24"]
[Round "8.5"]
[White "Siddharth, Jagadeesh"]
[Black "Plat, Vojtech"]
[Result "1/2-1/2"]
[WhiteElo "2301"]
[BlackElo "2589"]
[Annotator "TA"]
[PlyCount "76"]
[EventDate "2020.01.18"]
[EventType "tourn"]
[EventCountry "CZE"]
[SourceTitle "playchess.com"]
[Source "ChessBase"]
[SourceQuality "1"]

{[%evp 10,76,29,13,39,36,24,43,25,30,33,31,34,24,22,12,16,0,0,-6,-12,-22,-19,-36,-39,-32,-23,-22,-22,-22,-13,-53,-46,-48,-18,-24,31,25,24,18,20,23,24,19,27,8,8,8,8,8,9,2,14,15,25,0,0,2,18,0,0,0,0,0,0,0,0,0,0]} 1. d4 d6 2. e4 Nf6 3. Nc3 e5 4. Nf3 exd4 5. Qxd4 Be7 6. Bg5 Be6 {C41: Philidor Defence.} 7. O-O-O Nc6 8. Bb5 O-O {White is slightly better.} 9. Bxc6 bxc6 10. Rhe1 {[#]} Nd7 $146 ({Predecessor:} 10... Qc8 11. e5 dxe5 12. Nxe5 Qb7 13. Qa4 Rab8 14. b3 Bb4 15. Re3 Nd5 16. Nxd5 cxd5 {1-0 (31) Ospina,O-Simancas Maradei,M (2053) Palmira 2018}) 11. Bxe7 Qxe7 12. e5 {[%cal Re5d6]} d5 13. Qa4 c5 14. Qh4 Qxh4 15. Nxh4 d4 16. Ne4 Rfb8 17. f4 a5 18. c3 Bxa2 19. cxd4 Rb4 20. dxc5 Rc4+ 21. Kd2 Rb8 {[%mdl 1024] Black has compensation.} 22. Ke3 Nf8 (22... Nxc5 $11 23. Nxc5 Rxc5) 23. Nf5 $36 {[%mdl 2048] Hoping for Ne7+. Black is under pressure.} Ne6 24. Rd2 a4 25. Ne7+ Kf8 26. Nc6 Ra8 27. Ra1 (27. Red1 {feels hotter.} g6 28. Nd4 Rb4 29. Nc3 Nxd4 30. Nxa2 Nf5+ 31. Kf3) 27... Nxc5 28. Nxc5 Rxc5 29. Rxa2 Rxc6 $11 {[%mdl 4096] Endgame KRR-KRR} 30. g3 Rb6 31. Rd4 Rb3+ 32. Rd3 {[#] aiming for Rxb3.} Rb4 {The position is equal.} 33. Rda3 f6 34. b3 fxe5 35. fxe5 {[%cal Rb3a4]} Ra5 36. bxa4 Rxe5+ 37. Kf3 Ra5 38. Rc3 Rbxa4 {Accuracy: White = 91%, Black = 89%.} 1/2-1/2

[Event "Marienbad Open GM 2020"]
[Site "Marianske Lazne"]
[Date "2020.01.25"]
[Round "9.2"]
[White "Kovalev, Andrei"]
[Black "Siddharth, Jagadeesh"]
[Result "1-0"]
[WhiteElo "2489"]
[BlackElo "2301"]
[Annotator "TA"]
[PlyCount "47"]
[EventDate "2020.01.18"]
[EventType "tourn"]
[EventCountry "CZE"]
[SourceTitle "playchess.com"]
[Source "ChessBase"]
[SourceQuality "1"]

{[%evp 15,47,25,20,47,56,54,58,22,229,225,229,223,468,457,457,459,467,452,777,766,855,831,826,774,890,858,939,889,884,877,814,583,554,509]} 1. e4 c6 2. d4 d5 3. Nd2 dxe4 4. Nxe4 Nf6 5. Nxf6+ exf6 6. c3 Bd6 7. Bd3 O-O 8. Ne2 Re8 9. Qc2 {B15: Caro-Kann: 3 Nc3: 3...g6 and 3...dxe4 4 Nxe4 Nf6 5 Nxf6+ exf6} h5 (9... h6 10. O-O Qc7 11. Ng3 Nd7 12. Be3 Nf8 13. Rae1 Be6 14. Qd2 Bxg3 15. hxg3 Bxa2 16. c4 b5 17. cxb5 Bd5 18. Rc1 {½-½ (31) Sjugirov,S (2663)-Li,C (2724) Qinhuangdao 2018}) 10. O-O h4 11. Bf4 {White is slightly better.} Rxe2 $2 {[#]} (11... Na6 $11) 12. Qxe2 $18 Bxf4 13. Qe4 g5 $2 (13... Bxh2+ {keeps fighting.} 14. Kxh2 f5) 14. Qh7+ {White is clearly winning.} Kf8 15. Rae1 {[%cal Rh7h8]} Be6 16. g3 Bc7 {[#]} (16... Bd2 $142 17. Re2 (17. gxh4 Bxe1 18. Rxe1 gxh4 $14) 17... Na6 18. Rxd2 Ke7) 17. Bc4 $146 {[%mdl 512]} ({Predecessor:} 17. f4 hxg3 18. hxg3 Qd6 19. Re3 c5 20. f5 Nd7 21. fxe6 fxe6 22. Bg6 {1-0 (22) Jakic,I (2393)-Tica,S (2439) Zadar 2018}) 17... Qd7 (17... Bxc4 18. Qh8#) 18. Re3 b5 19. Bb3 a5 20. Rfe1 Ra6 21. Qh8+ Ke7 22. Bxe6 fxe6 23. Rxe6+ Qxe6 24. Qg7+ {Accuracy: White = 88%, Black = 27%.} 1-0

[Event "Marienbad Open GM 2020"]
[Site "Marianske Lazne"]
[Date "2020.01.25"]
[Round "9.3"]
[White "Baenziger, Fabian"]
[Black "Swicarz, Maciej"]
[Result "1-0"]
[WhiteElo "2412"]
[BlackElo "2357"]
[Annotator "TA"]
[PlyCount "91"]
[EventDate "2020.01.18"]
[EventType "tourn"]
[EventCountry "CZE"]
[SourceTitle "playchess.com"]
[Source "ChessBase"]
[SourceQuality "1"]

{[%evp 21,91,4,8,4,12,12,8,0,10,10,10,10,10,9,32,29,24,21,16,0,2,-8,0,4,0,-12,0,0,2,0,14,0,0,0,91,93,106,60,233,225,211,192,243,217,264,244,383,381,377,374,379,386,381,381,590,606,531,572,552,499,631,614,655,620,1946,1758,4137,4137,4133,4133,4829,1546]} 1. d4 d5 2. c4 c6 3. Nc3 Nf6 4. e3 e6 5. Nf3 Nbd7 6. Qc2 Bd6 7. Bd3 O-O 8. O-O dxc4 9. Bxc4 b5 10. Be2 Bb7 11. e4 e5 12. dxe5 {D46: Semi-Slav: 5 e3 Nbd7 6 Bd3, Black avoids the Meran} Nxe5 13. Nd4 (13. Nh4 g6 14. f4 Neg4 15. e5 Bc5+ 16. Kh1 Nf2+ 17. Rxf2 Bxf2 18. Nf3 Nd5 19. f5 Nxc3 20. bxc3 {0-1 (58) Parligras,M (2629)-Shirov,A (2664) Batumi 2019}) 13... Neg4 14. g3 {The position is equal.} Bxg3 15. hxg3 {[#] Hoping for Nb3.} Qxd4 16. Qd1 Qxd1 17. Rxd1 a6 {[#]} 18. Bf4 $146 {[%mdl 1024] Strongly threatening e5. White has compensation.} ({Predecessor:} 18. f3 Ne5 19. Be3 Rfe8 {1-0 (42) Yilmaz,M (2556)-Esen,B (2562) Denizli 2013}) 18... Rfe8 $1 19. f3 Ne5 20. b4 a5 21. a3 h6 22. Kf2 Bc8 23. Rac1 axb4 24. axb4 Nfd7 25. Rd6 Bb7 26. Be3 {And now f4 would win.} Nb8 27. f4 Ned7 (27... Nc4 $11 28. Bxc4 bxc4) 28. e5 $16 Nf8 29. Ne4 Ra2 $2 (29... Na6 $14) 30. Rd2 $18 Rxd2 31. Bxd2 ({Don't take} 31. Nxd2 $6 Na6 $16) 31... Ne6 (31... Rd8 $142 32. Nd6 Ba8) 32. Be3 Rd8 33. Nd6 Ba8 (33... Bc8 $142 34. Ra1 Rf8) 34. Ra1 Nd7 35. Ra7 Nef8 36. Bd1 {Black must now prevent Bb3.} c5 37. bxc5 {[%cal Bb4c5,Bc5c6][%mdl 32]} Bd5 (37... Ne6 {was necessary.} 38. f5 Nexc5) 38. Bf3 {White is clearly winning.} Bxf3 39. Kxf3 Ng6 40. Nxb5 Ne7 41. Nd4 Kf8 42. c6 Nb6 {[#]} 43. Rxe7 $1 {[%mdl 576] Remove Defender} Kxe7 44. Nf5+ {[%mdl 64] Double Attack, Discovered Attack} Ke6 45. Bxb6 Rc8 46. Ke4 {Accuracy: White = 75%, Black = 44%.} (46. Nxg7+ $142 Kd5 47. Nf5) 1-0

[Event "Marienbad Open GM 2020"]
[Site "Marianske Lazne"]
[Date "2020.01.25"]
[Round "9.4"]
[White "Bracker, Arne"]
[Black "Quesada Perez, Luis Ernesto"]
[Result "1/2-1/2"]
[WhiteElo "2243"]
[BlackElo "2491"]
[Annotator "TA"]
[PlyCount "33"]
[EventDate "2020.01.18"]
[EventType "tourn"]
[EventCountry "CZE"]
[SourceTitle "playchess.com"]
[Source "ChessBase"]
[SourceQuality "1"]

{[%evp 16,19,17,0,23,18]} 1. e4 e6 2. d4 d5 3. Nc3 Nf6 4. e5 Nfd7 5. f4 c5 6. Nf3 Nc6 7. Be3 a6 8. Qd2 b5 9. Be2 Bb7 {C11: French: Classical System: 4 e5 and 4 Bg5 dxe4} 10. Nd1 {Predecessor:} b4 $146 11. O-O Qb6 12. Nf2 cxd4 13. Nxd4 Nxd4 14. Bxd4 Bc5 15. c3 Rc8 16. Rfe1 a5 17. Bg4 {1-0 (48) Ponomariov,R (2712)-Wang,H (2717) Huaian 2016} 1/2-1/2